Mi cuerpo y yo /

Guardado en:
Autor Principal: Luján, Jorge
Otros Autores: Isol; il.
Formato: Libro
Publicado: Córdoba [argentina] : Comuni-arte, 2013
Edición:3a. ed.
Series:Los imprescindibles / Alicia Salvi
Materias:
Etiquetas: Agregar Etiqueta
Sin Etiquetas, Sea el primero en etiquetar este registro!
LEADER 00966nam a22002895a 4500
001 CEM.cems015528
008 130507s2013##################000#0#####d
005 20250325162643.0
245 1 0 |a Mi cuerpo y yo /  |c Jorge Luján ; ilustrado Por Isol 
250 |a 3a. ed. 
260 |a Córdoba [argentina] :  |b Comuni-arte,  |c 2013 
300 |a 28 p. 
490 0 |a Los imprescindibles / Alicia Salvi 
020 |a 9789876022446 
100 1 |a Luján, Jorge 
700 1 |a Isol; il. 
082 0 4 |a A861.4 
653 |a Literatura 
653 |a Literatura argentina 
653 |a Literatura infantil 
653 |a Poesía 
653 |a Poesía infantil 
653 |a Colección ciencias de la educación 
653 |a Libro albúm 
859 |a CEMS  |b BIB. CEMS - Inicial y Primaria  |h A861.4  |i L968-3  |k IP  |p 3928  |t Ej.1 
859 |a CEMS  |b BIB. CEMS - Ccias. Educacion  |h A861.4  |i L968-5  |k CE  |p 28772.19  |t Ej.1 
859 |a CEMS  |b BIB. CEMS - Ccias. Educacion  |h A861.4  |i L968-5  |k CE  |p 28773.19  |t Ej.2